书目信息 |
| 题名: |
资源型城市经济转型概论
|
|
| 作者: | 朱德元 著 | |
| 分册: | ||
| 出版信息: | 北京 中国经济出版社 2005.10 |
|
| 页数: | 436页 | |
| 开本: | 21cm | |
| 丛书名: | ||
| 单 册: | ||
| 中图分类: | F299.273.1 | |
| 科图分类: | ||
| 主题词: | 城市经济--经济发展--研究--辽宁省 , 城市经济 , 经济发展 | |
| 电子资源: | ||
| ISBN: | 7-5017-6840-4 | |
| 000 | 00822nam0 2200241 450 | |
| 001 | 002951328 | |
| 005 | 20051025130931.0 | |
| 010 | @a7-5017-6840-4@dCNY36.00 | |
| 100 | @a20100913d2005 em y0chiy0110 ea | |
| 101 | 0 | @achi |
| 102 | @aCN@b110000 | |
| 105 | @aa z 000yy | |
| 200 | 1 | @a资源型城市经济转型概论@Azi yuan xing cheng shi jing ji zhuan xing gai lun@f朱德元著 |
| 210 | @a北京@c中国经济出版社@d2005.10 | |
| 215 | @a436页@c彩照@d21cm | |
| 330 | @a本书为辽宁省资源型城市经济转型试点市阜新三年转型实践的理论概括与科学总结。具有中国特色的资源型城市经济转型成功之路的开拓性研究与探索。 | |
| 606 | 0 | @a城市经济@x经济发展@x研究@y辽宁省 |
| 606 | 0 | @a城市经济 |
| 606 | 0 | @a经济发展 |
| 690 | @aF299.273.1@v5 | |
| 701 | 0 | @a朱德元@Azhu de yuan@f(1948~)@4著 |
| 905 | @aBZT@dF299.273.1@e1 | |
| 906 | @dCNY36.00@n0@r1 | |
| 资源型城市经济转型概论/朱德元著.-北京:中国经济出版社,2005.10 |
| 436页:彩照;21cm |
| ISBN 7-5017-6840-4:CNY36.00 |
| 本书为辽宁省资源型城市经济转型试点市阜新三年转型实践的理论概括与科学总结。具有中国特色的资源型城市经济转型成功之路的开拓性研究与探索。 |
| ● |
| 相关链接 |
|
|
|
正题名:资源型城市经济转型概论
索取号:F299.273.1/1
 
预约/预借
| 序号 | 登录号 | 条形码 | 馆藏地/架位号 | 状态 | 备注 |
| 1 | 773548 | 2000773548 | 中心书库北库/ 北库016架A面3列1层26/ [索取号:F299.273.1/1] | 在馆 | |
| 2 | 773549 | 2000773549 | 中心书库北库/ 北库016架A面3列1层27/ [索取号:F299.273.1/1] | 在馆 | |
| 3 | 773550 | 2000773550 | 中心书库北库/ 北库016架A面3列1层28/ [索取号:F299.273.1/1] | 在馆 | |
| 4 | 773551 | 2000773551 | 中心书库北库/ 北库016架A面3列1层29/ [索取号:F299.273.1/1] | 在馆 | |
| 5 | 773552 | 2000773552 | 中心书库北库/ 北库016架A面3列1层22/ [索取号:F299.273.1/1] | 在馆 | |
| 6 | 773553 | 2000773553 | 中心书库北库/ 北库016架A面3列1层24/ [索取号:F299.273.1/1] | 在馆 | |
| 7 | 773554 | 2000773554 | 中心书库北库/ 北库016架A面3列1层23/ [索取号:F299.273.1/1] | 在馆 | |
| 8 | 773555 | 2000773555 | 中心书库北库/ 北库016架A面3列1层25/ [索取号:F299.273.1/1] | 在馆 | |
| 9 | 773556 | 2000773556 | 中心书库北库/ 北库016架A面3列1层20/ [索取号:F299.273.1/1] | 在馆 | |
| 10 | 773557 | 2000773557 | 中心书库北库/ 北库016架A面3列1层21/ [索取号:F299.273.1/1] | 在馆 |